00934nam a22002777a 45000010005000000030006000050050017000110080041000280200018000690400029000870500015001160820011001311000017001422450058001592500032002172600037002493000056002864900035003425050008003775200132003855210023005175210024005406000031005646100026005957000035006213084FISKH20250421120247.0240205b cb ||||| |||| 00| 0 eng d a9780439899369 aFISKHbengcFISKHdFISKH aPZ7.C17363 a363.72 aCapeci, Anne aThe magic school bus gets recycled /cby Capeci, Anne aFirst printing , March 2007 aNew York : bScholastic , c2007 a32 unnumbered pages :bcolor illustrations ;c23 cm aThe magic school bus vLevel 2 aJ  aMs. Frizzle's class is holding a recycling drive. But when Phoebe loses her necklace, the kids hop on the bus to track it down.8 a480 bLexile 8 aJ bRaz-Plus  2magic school bus vfiction 2recycling vjuvenile  aBracken, Carolyneillustrator